All about Percy Jackson - Statistics

General Stats
  • This quiz has been taken 168 times
    149 since last reset
  • The average score is 12 of 15
Answer Stats
Question Answer % Correct
who is Percy's girl friend? annabeth
100%
what species is Percy's brother? cyclops
100%
who is Percy's best friend? grover
100%
who are Percy's pets? Mrs. O'Leary & Black Jack
100%
what is Percy Jackson's mothers name? sally
100%
what is Percy's power? water
100%
what camp dose Percy belong to? camp half blood
98%
what is Percy's favirote color? blue
96%
what color hair dose Percy have? black
90%
where was Percy born? manhatten,new york
81%
what is Percy's birthday august 18
77%
what dose Percy drive? Prius
77%
how tall is Percy? 6'1
50%
how old is Percy? 17
29%
what is Percy's middle name? claire
2%
No matching quizzes found
Score Distribution
Percent of People with Each Score
Percentile by Number Answered
Your Score History
You have not taken this quiz since the last reset